Обзор русской периодической печати за 1914, 1915,1916 и 1917 годы

Доступно только в Электронных читальных залах Найти на картеНа карте
RUSMARC
00003616nmc2a2200000 x 450
0017bfebd42-6f64-4b69-909b-2c79f69c0b7c
00520161229011424.0
100##$a20140505l19141917k l0rusy0189 ca
1010#$arus
102##$aRU
2001#$aОбзор русской периодической печати за 1914, 1915,1916 и 1917 годы
$jб/д
251##$cДело
300##$aДело
801#0$aRU
$bРГИА
$c20140505
$gRCR
801#1$aRU
$bГлавНИВЦ
$c20140505
$2rusmarc
801#2$aRU
$bПБ им. Б.Н. Ельцина
$c20161229
$gRCR
$2rusmarc
850##$aРГИА
852##$aРГИА
$eФедеральное казенное учреждение "Российский государственный исторический архив" (РГИА)
$j103
937##$hРГИА
$d11360526
$aASBIBLIO_SCAN
462#0$100149fe4397-7e63-45b2-96e7-fbaf3aeb9b81
$12001
$aОбзоры русской и иностранной периодической печати
$1251
$cОпись
$1852
$j2
461#0$100170bfa5a4-889e-44db-9b74-75899b008a1e
$12001
$aОбзоры печати, выписки и вырезки из печати (коллекция)
$1251
$cФонд
$1852
$j1470
215##$a1116 л.
$d36,5х26 см
371##$aДокумент не является опубликованным и широко распространяемым
105##$ay###
1221#$ad
035##$a7bfebd42-6f64-4b69-909b-2c79f69c0b7c
856##$uhttp://readingroom.main.prlib.ru/item.aspx?id_node=n93604169&mode=full
Формат отображения